[Event "Novi Sad TS 80th"]
[Site "Novi Sad"]
[Date "2018.07.04"]
[Round "7"]
[White "Batsuren, Dambasuren"]
[Black "Atalik, Suat"]
[Result "0-1"]
[WhiteElo "2321"]
[BlackElo "2512"]
[Annotator "Atalik,S"]
[PlyCount "112"]
[EventDate "2018.06.30"]
[EventType "tourn"]
[EventRounds "9"]
[EventCountry "SRB"]
[EventCategory "7"]
[SourceTitle "CBM 186"]
[Source "ChessBase"]
[SourceDate "2018.09.14"]
[SourceVersion "1"]
[SourceVersionDate "2018.09.14"]
[SourceQuality "1"]

1. d4 d5 2. c4 e6 3. Nc3 (3. Nf3 Nf6) 3... c6 4. Nf3 ({After} 4. e4 dxe4 5.
Nxe4) 4... Nf6 5. e3 Nbd7 6. Bd3 dxc4 7. Bxc4 b5 8. Bd3 a6 9. e4 c5 10. d5 c4
11. Bc2 (11. dxe6 fxe6 12. Bc2 Nc5 $5 (12... Qc7 13. O-O Bc5)) 11... Qc7 (11...
e5 $5 12. O-O Bd6 13. Ne2 O-O 14. Ng3 Re8) 12. O-O Bc5 13. dxe6 (13. Bg5 h6 14.
Bh4 e5) (13. Qe2 e5) 13... fxe6 14. Qe2 $6 ({Korchnoi's pawn sac leads to a
dynamic equilibrium.} 14. e5 Nxe5 15. Bf4 Bd6 16. Nxe5 Bxe5 17. Bxe5 Qxe5 18.
Re1 Qc7 19. Nd5 Nxd5 20. Qxd5 Ra7 21. Qf3 g6 $11) 14... Ne5 15. Bf4 Nxf3+ 16.
Qxf3 e5 17. Nd5 {The start of a plan with a bad reputation already established.
} (17. Bg5 O-O 18. Bxf6 Be6 (18... Bb7 $5) (18... gxf6 $5 19. a4 Rb8 20. axb5
axb5 21. Nd5 Qg7 $40) 19. Nd5 (19. Bxe5 Qxe5 $17) 19... Bxd5 20. exd5 Rxf6 21.
Qe4 g6 22. d6 Qa7 $40) 17... Nxd5 18. exd5 (18. Qh5+ $2 g6 19. Qxe5+ Qxe5 20.
Bxe5 Nb4) 18... O-O 19. d6 Qxd6 $146 (19... Bxd6 20. Qd5+ $1 (20. Qxa8 Bb7 21.
Qxf8+ Kxf8 22. Bg3 Bc5 $17) 20... Kh8 (20... Qf7 21. Be4) 21. Qxa8 Bb7 22.
Qxf8+ Bxf8 23. Bg3 Qc6 24. f3 Bc5+ 25. Kh1 Qf6 $17) 20. Rad1 (20. Qxa8 Bf5 21.
Qf3 Bxc2 22. Qc3 Bd3 23. Bxe5 Qb6 $17) 20... Bg4 $6 {An inexactitude.} (20...
Qe7 $5) (20... Qb6 $5) 21. Qxg4 (21. Qe4 $2 Qg6 (21... Bf5) 22. Qxa8 Rxa8 23.
Bxg6 Bxd1 24. Be4 Rd8 $17) 21... Rxf4 22. Qxf4 $2 {Basically the losing move.}
(22. Qh3 $1 Bd4 (22... Qh6 $2 23. Qd7 $1) 23. Qxh7+ Kf7 $13) 22... exf4 23.
Rxd6 Bxd6 24. Rd1 Re8 25. Kf1 f3 $1 26. gxf3 (26. Rxd6 $2 Re1+ 27. Kxe1 fxg2
$19) (26. g3 Re2) 26... Bxh2 $19 27. b3 c3 28. b4 Bf4 29. Rd3 Rc8 30. Rd4 g5
31. Rd7 h5 32. Ra7 Rc6 33. Kg2 Kf8 34. Kf1 Bd6 (34... h4 35. Kg2 Rh6 36. Kh3
Re6 $19) (34... Rd6 $19) 35. Ra8+ (35. Rh7 Rc4) 35... Ke7 36. Ra7+ Kd8 37. Rg7
Bxb4 (37... Bf4 $5) 38. Rxg5 Rd6 39. Rg8+ Kc7 40. Bf5 Rd8 $1 {The simplest way
to convert the advantage.} (40... Rd5 $19) (40... Rd1+ 41. Kg2 Bc5 42. Rc8+ Kb6
43. Be4 b4 $19) 41. Rxd8 Kxd8 42. Ke2 Bd6 43. Kd3 b4 44. a3 a5 45. axb4 axb4
46. f4 Bxf4 47. Kc4 Bd6 48. Kb3 h4 49. Bh3 Kc7 (49... Bg3 $19 {is thematic.})
50. Bg2 Kb6 51. Kc2 Kb5 52. Kd3 (52. Kb3 Kc5 53. Kc2 Kd4 54. Bf1 Bg3 $19 {
is winning at once now.}) 52... Ka4 53. Kc2 Ka3 54. Bh3 Be5 55. Be6 h3 56. Bd5
h2 0-1

[Event "GRE-chT 36th"]
[Site "Kallithea"]
[Date "2008.07.07"]
[Round "2.1"]
[White "Atalik, Suat"]
[Black "Ivanisevic, Ivan"]
[Result "1/2-1/2"]
[WhiteElo "2585"]
[BlackElo "2664"]
[Annotator "Atalik,S"]
[PlyCount "39"]
[EventDate "2008.07.06"]
[EventType "team-tourn"]
[EventRounds "7"]
[EventCountry "GRE"]
[SourceTitle "CBM 125"]
[Source "ChessBase"]
[SourceDate "2008.07.30"]
[SourceVersion "1"]
[SourceVersionDate "2008.07.30"]
[SourceQuality "1"]

1. d4 Nf6 2. c4 e6 3. Nf3 d5 4. Nc3 c6 5. e3 Nbd7 6. Bd3 {I ahve started
getting enough of the Meran these days.} dxc4 7. Bxc4 b5 8. Bd3 a6 9. e4 c5 10.
e5 {After a long thought Ivan came up with this:} Ng4 $2 11. Be4 (11. Ng5 $2
cxd4 12. Nxf7 Qh4 13. g3 Qh5 14. Nxh8 dxc3 15. Be4 Ra7 16. bxc3 Qxe5 17. Qd4
Bc5 18. Qxe5 Ndxe5 $17 {and white regrets Nh8.}) ({We all know that the great
Botvinnik played} 11. Bg5 {and since then it has been believed that this
refutes the idea.} Qb6 12. Be4 Ra7 {would have resulted in the game
continuation.} (12... Bb7 13. Bxb7 Qxb7 $16 {is not brilliant either.})) 11...
Ra7 (11... Rb8 12. Bg5 Qb6 (12... Be7 13. Bxe7 Qxe7 14. h3 $16 {as usual.}) 13.
d5 Ndxe5 14. Nxe5 Nxe5 15. f4 h6 16. Bh4 Ng6 17. Bg3 $44) 12. Be3 $6 {My way
to highway approach does not work all the time.} Nxe3 13. fxe3 g6 14. O-O Bh6
15. Qe2 O-O 16. Kh1 $5 {I am always against such moves which tuck the king
away for no reason at all.} ({However this time I had calculated that} 16. Rad1
$6 cxd4 17. exd4 Nb6 18. d5 (18. b3 Rc7 19. Rd3 b4 $17) 18... Nc4 $40) 16...
Rc7 (16... cxd4 17. exd4 Nb6 18. a4 (18. Bd3 Bb7) 18... b4 19. a5 Nd7 20. Nd1
$132) 17. Rad1 (17. d5 $2 Bg7) 17... c4 $1 {A good move.} (17... cxd4 18. exd4
Nb6 19. d5 exd5 20. Bxd5 $1 (20. Nxd5 $6 Nxd5 21. Bxd5 Qe7 $17) 20... Qe7 21.
Bb3 $36) 18. a3 Nb6 19. g4 (19. h4 $5 {was the other move in my mind.} Nd5 20.
Bxd5 exd5 21. e4 Bb7 22. exd5 Bxd5 23. Nxd5 Qxd5 24. Ng5 Bxg5 25. hxg5 c3 26.
bxc3 Rxc3 27. Rf3 Rfc8 $17) 19... f5 (19... Nd5 20. Bxd5 exd5 21. g5 Bg7 22. e4
(22. h4 Bf5 23. e4 dxe4 24. Nxe4 Qd5) 22... Bb7 23. Qe3 ({Even} 23. Nxd5 Bxd5
24. exd5 Qxd5 25. Qd2 $11 {is acceptable.}) 23... dxe4 24. Nxe4 Bxe4 25. Qxe4
c3 $13 {is really double edged with both sides having trumps of different
kinds.}) 20. exf6 {And this time I decided to call it a day and offered a draw
which Ivan took after some thought.} (20. exf6 Rxf6 $1 {This was his prepared
move.} (20... Qxf6 21. d5 (21. g5 $5 {and this was my prepared move in the
other line.} Bxg5 22. Bxg6 hxg6 23. Ne4 Qe7 24. Nexg5 $13) 21... exd5 22. Bxd5+
Kg7 23. g5 Bxg5 24. Ne4 Qe7 (24... Qd8 25. Nexg5 Nxd5 26. e4 Qe7 27. Rxd5 h6
28. Re5 Qd6 29. Rg1 $13 {is anybody's game too.}) 25. Nfxg5 Rxf1+ 26. Rxf1 Nxd5
27. Rf7+ Qxf7 28. Nxf7 Rxf7 29. Qd1 Bh3 30. Qd4+ Kh6 31. Ng3 $16) 21. Ne5 Rxf1+
22. Rxf1 Qg5 $1 23. Nd1 Bg7 24. Qf3 Qe7 25. Nc6 Qf7 26. Qg2 Qe8 27. Nc3 $13)
1/2-1/2

[Event "GER-ch 80th"]
[Site "Saarbruecken"]
[Date "2009.02.14"]
[Round "9"]
[White "Baramidze, David"]
[Black "Braun, Arik"]
[Result "0-1"]
[WhiteElo "2540"]
[BlackElo "2550"]
[Annotator "Braun,A"]
[PlyCount "122"]
[EventDate "2009.02.06"]
[EventType "swiss"]
[EventRounds "9"]
[EventCountry "GER"]
[SourceTitle "CBM 129"]
[Source "ChessBase"]
[SourceDate "2009.03.25"]
[SourceVersion "1"]
[SourceVersionDate "2009.03.25"]
[SourceQuality "1"]

{Gegen David spielte ich in der letzten Runde. Es war für uns beide eine
unangenehme Paarung, da wir uns schon sehr lange kennen und häufiger
miteinander trainiert haben. Aber die Turniersituation ließ kein schnelles
Remis zu. Sollte nämlich Michael Prusikin Remis spielen, könnte ich mit einem
Sieg aufgrund besserer Wertung Deutscher Meister werden.} 1. c4 c6 2. d4 d5 3.
Nc3 Nf6 4. Nf3 e6 5. e3 Nbd7 6. Bd3 dxc4 7. Bxc4 b5 8. Bd3 Bb7 9. O-O a6 10. e4
c5 11. d5 c4 12. Bc2 Qc7 (12... e5 {Spielte ich bei der Olympiade.}) 13. Nd4 {
Ein relativ selten gespielter Zug.} (13. dxe6 {Wird häufiger gespielt.}) 13...
Nc5 14. b4 cxb3 15. axb3 b4 16. Na4 Ncxe4 17. Bxe4 Nxe4 18. dxe6 Bd6 19. exf7+
Qxf7 20. f3 Qh5 21. g3 {Diese Stellung wurde laut meiner Datenbank bisher 2
Mal gespielt. Beide Male setzte Schwarz hier mit 21...0-0 fort.} Nxg3 $5 $146 {
Danach entstehen interessante Verwicklungen. Die geopferte Figur wird zu einem
gewissen Grad von den aktiven schwarzen Figuren und dem geschwächten weißen
König kompensiert. Ob die Kompensations objektiv ausreichend ist, weiß ich
nicht, es ist aber nicht leicht für Weiß zu verteidigen.} (21... O-O) 22. Re1+
(22. hxg3 $142 O-O (22... Bxg3 23. Qe2+) 23. Ra2 (23. Qe1 $6 Be5 24. Be3 Bxd4
25. Bxd4 Bxf3 $17) 23... Bxg3 24. Rg2 $13) 22... Kf7 23. hxg3 Bxg3 24. Ra2 $5 (
24. Re2 Rad8 25. Qd3 Rhe8 $44) 24... Rad8 25. Re3 Rhe8 $2 (25... Be5 $1 {
Die folgende Variante ist eine Schöpfung Rybkas.} 26. Rd3 Rd6 27. Ne6 Rxe6 28.
Rd7+ Kf8 29. Rd8+ Re8 30. Nc5 Bc6 $5 $17 (30... Bh2+ 31. Rxh2 Qxc5+ 32. Kg2))
26. Rxe8 (26. Rg2 $5) 26... Rxe8 27. Re2 Qh4 $1 {Sonst ist es schwer für
Schwarz den Angriff fortzusetzen. Es droht nun Bh2+} 28. Nc5 Bh2+ 29. Kf1 $8 (
29. Rxh2 $4 Re1+ 30. Kg2 (30. Qxe1 Qxe1+ $19) 30... Qg4+ 31. Kf2 Qg1#) 29...
Be5 30. Be3 $8 Bc8 31. Rg2 Bh3 {Nun gewinnt Schwarz einen Teil des geopferten
Materials zurück. Die Stellung hingegen bleibt unklar.} 32. Ne2 Bxg2+ 33. Kxg2
Qh2+ {Bei knapper Zeit entschied ich mich Zeit durch ein paar Schachs zu
gewinnen.} 34. Kf1 Qh3+ 35. Kf2 Qh2+ 36. Kf1 Qh3+ 37. Kf2 Kg8 (37... Qh2+ $11)
38. Ne4 (38. Qd5+ $5 Kh8 39. Ne4) 38... Qh4+ 39. Kg2 Rd8 40. Qc2 Kh8 {Ich
denke die Stellung ist ungefähr ausgeglichen.} 41. Ng5 Qh2+ 42. Kf1 Qh5 43. f4
$6 {Dadurch wird die weiße Königsstellung stark gelockert.} Bf6 44. Kg2 (44.
Ng3 $2 Qd1+ $19) 44... Bxg5 45. fxg5 Qg4+ 46. Ng3 Qd1 {Damentausch ist günstig
für Schwarz.} 47. Qc7 Qd5+ 48. Kh2 Re8 49. Bg1 Qxb3 $17 50. Bd4 Qa2+ 51. Kh3 (
51. Kg1 Qb1+ 52. Kh2 Qg6 53. Qd7 Kg8 $19) 51... Qe6+ 52. Kh4 Qe7 53. Qc6 Rd8
54. Nf5 (54. Bb2 a5 $19) 54... Qe1+ 55. Kh3 Qf1+ 56. Kg4 Qd1+ 57. Kg3 Qd3+ 58.
Qf3 (58. Kg4 Rxd4+ $19) 58... Qxf3+ 59. Kxf3 b3 60. Bxg7+ Kg8 61. Ke3 Rf8 0-1

[Event "EU-chT (Men) 10th"]
[Site "Debrecen"]
[Date "1992.11.??"]
[Round "6.2"]
[White "Hracek, Zbynek"]
[Black "Bagirov, Vladimir"]
[Result "1/2-1/2"]
[WhiteElo "2460"]
[BlackElo "2500"]
[Annotator "Bulletin"]
[PlyCount "82"]
[EventDate "1992.11.20"]
[EventType "team-swiss"]
[EventRounds "9"]
[EventCountry "HUN"]
[SourceTitle "EU-chT"]
[Source "ChessBase"]
[SourceDate "1999.07.01"]
[SourceVersion "2"]
[SourceVersionDate "1999.07.01"]
[SourceQuality "1"]
[WhiteTeam "Czechoslovakia"]
[BlackTeam "Latvia"]
[WhiteTeamCountry "CSR"]
[BlackTeamCountry "LAT"]

1. d4 d5 2. c4 c6 3. Nc3 Nf6 4. e3 e6 5. Nf3 Nbd7 6. Bd3 dxc4 7. Bxc4 b5 8. Bd3
Bb7 9. O-O a6 10. e4 c5 11. d5 Qc7 12. Qe2 c4 13. Bc2 Bd6 14. Bg5 O-O-O 15.
dxe6 fxe6 16. Nd4 Qb6 (16... Bxh2+ 17. Kh1 Nc5 18. Ndxb5 $1 axb5 19. Nxb5 Qb6 (
19... Qe5 20. f4 Nfxe4 21. fxe5 Ng3+ 22. Kxh2 Nxe2 23. Bxd8 $18) 20. Qxc4 Ba6
21. a4 Bxb5 22. axb5 Bc7 23. Be3 $18) (16... Nb6 17. Bxf6 gxf6 18. Nxe6 Bxh2+
19. Kh1 Qe5 20. Nxd8 Rxd8 21. g3 $18) 17. Nxe6 Bxh2+ 18. Kxh2 Qxe6 19. Kg1 h6
20. Be3 (20. Bf4 g5 21. Bg3 h5 $13) 20... Ng4 21. b3 h5 22. f3 (22. bxc4 $5 Qe5
23. g3 Qxc3 24. Rfc1 Nxe3 25. cxb5 Kb8 26. bxa6 $13) 22... Nxe3 23. Qxe3 Qb6
24. Qxb6 Nxb6 25. b4 g5 26. Rad1 Kc7 27. Kf2 h4 28. Ke3 (28. Rxd8 $5 Rxd8 29.
Ke3 {/\ a4}) 28... Rdf8 29. a4 bxa4 (29... Bc6 30. axb5 axb5 31. Ra1 $16) 30.
Nxa4 h3 31. gxh3 Rxh3 32. Nxb6 Kxb6 33. Rd6+ Kb5 34. Rg6 Rg3 35. Bd1 Rf7 36.
Rh1 (36. Kf2 Bxe4 $1) (36. Be2 Bxe4 $1 37. Kxe4 Re7+ $17) (36. Kd4 Rd7+ 37. Kc3
Rd3+ $1 (37... Bxe4 $2 38. Ba4+ $1 Kxa4 39. Ra1+ Kb5 40. Ra5#) 38. Kb2 Rg2+ $17
) 36... Kxb4 37. Rb6+ Kc5 (37... Kc3 $2 38. Rh2 $1 {/\ Rc2#} (38. Be2 $2 Bxe4
$1) (38. Rxb7 Rxb7 39. Kf2 Rb1 40. Kxg3 Kd2 41. e5 Rxd1 42. Rxd1+ Kxd1 43. e6
c3 44. e7 c2 45. e8=Q c1=Q $10)) 38. Rxb7 Rxb7 39. Kf2 Rb1 40. Kxg3 c3 41. Kg2
Rb2+ 1/2-1/2

[Event "Beersheba"]
[Site "Beersheba"]
[Date "1996.??.??"]
[Round "8"]
[White "Greenfeld, Alon"]
[Black "Bykhovsky, Avigdor"]
[Result "1/2-1/2"]
[WhiteElo "2560"]
[BlackElo "2405"]
[Annotator "Bykhovsky,Av"]
[PlyCount "133"]
[EventDate "1996.03.??"]
[EventType "tourn"]
[EventRounds "11"]
[EventCountry "ISR"]
[EventCategory "10"]
[SourceTitle "CBM 053"]
[Source "ChessBase"]
[SourceDate "1996.08.01"]
[SourceVersion "1"]
[SourceVersionDate "1996.08.01"]
[SourceQuality "1"]

1. d4 {Hecht Lutz} d5 2. c4 c6 3. Nc3 Nf6 4. e3 e6 5. Nf3 Nbd7 6. Bd3 dxc4 7.
Bxc4 b5 8. Bd3 Bb7 9. O-O a6 10. e4 c5 11. d5 c4 12. dxe6 fxe6 13. Bc2 Qc7 14.
Ng5 Nc5 15. e5 Qxe5 16. Re1 Qd6 17. Qxd6 Bxd6 18. Be3 O-O 19. Rad1 Be7 20. Bxc5
Bxc5 21. Nxe6 Rfc8 {Lutz: Ich kann nicht verstehen, warum die Weißen sich auf
dieses Endspiel einlassen. In den 15 Partien, die ich zu dieser Stellung
finden konnte, lautet das Ergebnis +1, =10, -4 aus weißer Sicht!. Lediglich
die Stammpartie Karpov,An-Kramnik,V/Linares 1994 konnte Weiß für sich
entscheiden. Der dominante Ne6 wird durch das schwarze Läuferpaar und die
Damenflügelmehrheit aufgewogen.} 22. h3 Rab8 (22... Bf8 {Lutz} 23. g4 h6 24. f4
Bf3 25. Rd2 Bc6 26. g5 hxg5 27. fxg5 Nd7 28. Nxf8 Nxf8 29. Rd6 b4 30. Ne4 Be8
31. Ng3 Rd8 32. Nf5 Rxd6 33. Nxd6 Bg6 34. Bxg6 Nxg6 35. Nxc4 Rd8 36. Re4 b3 37.
axb3 Rd3 38. Kg2 Rxb3 39. h4 Nf8 40. Re8 {1-0 Karpov,An-Kramnik,V/Linares (11)
;CBM 40 1994}) 23. g4 (23. Nxc5 {Lutz}) (23. Nxg7 {Lutz}) 23... Bf3 24. Rd2 Re8
$1 (24... b4 {Lutz}) 25. Bd1 $146 {Lutz: Der erste neue Zug. Seitdem es diese
Variante gibt, hat der Begriff "widerliche Buchspielerei" eine neue Dimension
bekommen.} (25. Kf1 Bb4 26. a3 Bxc3 27. bxc3 Rb6 $15 {Filguera,H-Sorokin,M/
Villa Ballester/1996/0,5/44/} (27... Rb6 {Lutz} 28. Nf4 Rxe1+ 29. Kxe1 g5 30.
Nh5 Re6+ 31. Kf1 Nxh5 32. gxh5 Bxh5 33. Rd8+ Kg7 34. Rd7+ Bf7 35. Bxh7 Kxh7 36.
Rxf7+ Kg6 37. Rc7 Rd6 38. a4 Rd3 39. Rc6+ Kf5 40. Rxa6 bxa4 41. Rxa4 Rxc3 42.
Ke2 Ke4 43. Kd2 Rd3+ 44. Kc2 Rxh3 {1/2-1/2 Filgueira,H-Sorokin,M/Siembra Villa
Ballester op (03) ;EXP 51 1996})) 25... Bxd1 (25... Bc6 $5 $10) 26. Rdxd1 Rbc8
(26... Bf8 $10) 27. g5 Nh5 28. Nd5 Bd6 $1 29. Rd4 Rc6 30. Rde4 (30. Rh4 Ng3 $5
$15) 30... Rb8 (30... b4 $5) 31. h4 $2 (31. Kf1 $10) 31... b4 $15 32. Rc1 Re8
$1 33. Kf1 Bf8 34. Rce1 c3 35. bxc3 bxc3 36. Nd4 Rxe4 37. Nxc6 Rxh4 38. Ke2
Re4+ 39. Ne3 (39. Kf1 c2 $19) 39... Nf4+ 40. Kf3 Nd3 41. Kxe4 (41. Rd1 Rxe3+
42. Kxe3 c2 $19) 41... Nxe1 {HechT: [#] bewegliche w SS bewachen bzw. bedrohen
den schwarzen c-Bauern, schlecht postierter Se1. Vorschlag: Aktivierung des sK
sowie frühes h5, um zum 2. Freibauern zu kommen.} 42. Nd4 Bc5 43. Nb3 Ba7 (
43... Ba3 $5 {Hecht} 44. Nd4 Kf7 $17 {[%cal Rh7h5]}) 44. f4 c2 45. f5 Bb6 46.
Nd5 Bc5 (46... Bd8 47. f6 Kf7 48. Ke3 $15) 47. Nf4 Ba3 48. Ne2 Be7 49. f6 $1 (
49. Kf4 Nd3+ 50. Ke4 Nb4 {/\Na2-+/}) 49... gxf6 50. gxf6 Bxf6 51. Nc5 $1 a5 $1
(51... Bg5 52. Nxa6 $13) 52. Nd3 Ng2 53. Kf3 Nh4+ 54. Kg4 h5+ $1 55. Kxh5 Nf3
56. Ndc1 Bb2 $2 (56... Kf7 57. Kg4 Nd4 58. Nf4 Be5 $19) 57. Nd3 Nd4 58. Nec1
Bc3 59. Kg5 Bd2+ 60. Kf6 $10 Kf8 61. a3 a4 62. Na2 Ne2 63. Ke5 Nc3 64. Nxc3
Bxc3+ 65. Kd5 Ke7 66. Kc4 Bd2 67. Kb5 1/2-1/2

[Event "POL-chT 50th"]
[Site "Lubniewice"]
[Date "1994.??.??"]
[Round "4"]
[White "Chekhov, Valery A"]
[Black "Ivanov, Sergey"]
[Result "1/2-1/2"]
[WhiteElo "2490"]
[BlackElo "2490"]
[Annotator "Chekhov,V"]
[PlyCount "37"]
[EventDate "1994.09.22"]
[EventType "team-tourn"]
[EventRounds "11"]
[EventCountry "POL"]
[SourceTitle "CBM 044"]
[Source "ChessBase"]
[SourceDate "1995.02.01"]
[SourceVersion "1"]
[SourceVersionDate "1995.02.01"]
[SourceQuality "1"]
[WhiteTeam "Zabrze Gornik"]
[BlackTeam "Bielsko-Biala Wlokniarz"]
[WhiteTeamCountry "POL"]
[BlackTeamCountry "POL"]

1. c4 e6 2. Nf3 Nf6 3. Nc3 d5 4. e3 c6 5. d4 Nbd7 6. Bd3 dxc4 7. Bxc4 b5 8. Bd3
a6 9. e4 c5 10. d5 c4 11. Bc2 Qc7 12. O-O Bb7 13. dxe6 fxe6 14. Qe2 Bd6 15. Kh1
$5 {N/} O-O (15... O-O-O 16. Nd4 Nc5 17. Ndxb5 axb5 18. Nxb5 Qb6 19. Qxc4 $40)
16. Ng5 Nc5 (16... Rae8 17. f4 e5 18. f5 Nc5 19. Be3 h6 20. Bxc5 hxg5 21. Bxd6
Qxd6 22. Qe3 g4 23. Rad1 Qe7 24. b3 $1 $16 {Chekhov,V-Dreev,A/Moscow/1992/}) (
16... Rfe8) 17. Be3 h6 18. f4 $5 (18. e5 Bxe5 19. Bxc5 Qxc5 20. f4 Bxc3 (20...
hxg5 21. fxe5) 21. Nxe6 Rae8 22. bxc3 Bxg2+ $1 23. Kxg2 Qc6+) 18... Bxf4 $6 (
18... hxg5 $1 19. e5 Bxe5 20. fxe5 Qxe5 21. Bxc5 Qxc5 22. Qxe6+ Kh8 23. Qh3+
Kg8 24. Qe6+ {Chekhov,V-Yakovich,Y/Vladivostok/1994/0,5/24/}) 19. Bxf4 (19.
Bxf4 e5 20. Bg3 $1 (20. Be3 hxg5 21. Bxg5 Ne6 $1 22. Bxf6 Nd4 $13) 20... hxg5
21. Rf5 Nfd7 22. Nd5 Qd8 (22... Qd6 23. Rxg5 Ne6 24. Rg6 Nd4 25. Qg4) 23. Raf1
Ne6 24. Qg4 $16) 1/2-1/2

[Event "Olympiad-32"]
[Site "Yerevan"]
[Date "1996.09.27"]
[Round "11.1"]
[White "Azmaiparashvili, Zurab"]
[Black "Akopian, Vladimir Eduardovic"]
[Result "1/2-1/2"]
[WhiteElo "2670"]
[BlackElo "2630"]
[Annotator "Chekhov,V"]
[PlyCount "89"]
[EventDate "1996.09.15"]
[EventType "team-swiss"]
[EventRounds "14"]
[EventCountry "ARM"]
[SourceTitle "CBM 055"]
[Source "ChessBase"]
[SourceDate "1996.12.01"]
[SourceVersion "1"]
[SourceVersionDate "1996.12.01"]
[SourceQuality "1"]
[WhiteTeam "Georgia"]
[BlackTeam "Armenia"]
[WhiteTeamCountry "GEO"]
[BlackTeamCountry "ARM"]

1. d4 d5 2. c4 c6 3. Nc3 Nf6 4. e3 e6 5. Nf3 Nbd7 6. Bd3 dxc4 7. Bxc4 b5 8. Bd3
Bb7 9. O-O a6 10. e4 c5 11. d5 c4 12. Bc2 Qc7 13. dxe6 fxe6 14. Ng5 Nc5 15. e5
Qxe5 (15... Qc6 $5) 16. Re1 Qd6 17. Qxd6 Bxd6 18. Be3 O-O 19. Rad1 Be7 20. Bxc5
Bxc5 21. Nxe6 Rfc8 22. h3 Rab8 23. a3 (23. Nxc5 Rxc5 24. Re6 b4 25. Na4 Rg5 26.
g3 Rh5 27. h4 Bf3 28. Rd4 Bd5 29. Re1 Bf7 $10 {Kramnik,V-Shirov,A/Novgorod/
1994/0,5/30/}) (23. g4 Bf3 24. Rd2 b4 $132) 23... Bb6 (23... Ba7 24. g4 Bf3 25.
Rd2 Re8 26. Bd1 $10 {Khurtsidze,N-Volzhin,A/Yerevan/1996/0,5/26/}) 24. Rd6 (24.
g4 Bf3 25. Rd6 Rc6 26. Rxc6 Bxc6 27. g5 Nd5 28. Be4 Ba5 $132 {Khurtsidze,
N-Kadimova,I/Leon/1996/0|1/62/}) 24... Ba5 25. Re3 b4 26. axb4 Bxb4 27. Rd4 Re8
(27... Ba8 $5) 28. Rxc4 Bxc3 29. Rcxc3 (29. bxc3 $2 Bd5 $19) 29... Nd5 30. Bb3
Nxe3 31. Nc7+ Nd5 (31... Bd5 32. Nxe8 Rxb3 33. Rxb3 Bxb3 34. fxe3 $16) 32. Nxe8
Rxe8 33. Rc7 Ba8 (33... Rb8 $4 34. Rxb7 Rxb7 35. Bxd5+ $18) 34. Rd7 Rb8 (34...
Re5 $2 35. Rd8+ Kf7 36. Rxa8 $18) 35. Bxd5+ Bxd5 36. Rxd5 Rxb2 $10 37. Rd8+ (
37. Ra5 Rb6 38. g4 h6 39. Kg2 Kf7 $10) 37... Kf7 38. Rd7+ Kg8 39. Ra7 Rb6 40.
Kh2 Rc6 41. f3 h6 42. Kg3 Kh7 43. f4 Kg6 44. Kf3 Rb6 45. g3 1/2-1/2

[Event "URS-ch55"]
[Site "Moscow"]
[Date "1988.07.??"]
[Round "13"]
[White "Kharitonov, Andrei Y"]
[Black "Ivanchuk, Vassily"]
[Result "0-1"]
[WhiteElo "2550"]
[BlackElo "2625"]
[Annotator "Chekhov,V"]
[PlyCount "84"]
[EventDate "1988.07.??"]
[EventType "tourn"]
[EventRounds "17"]
[EventCountry "URS"]
[EventCategory "14"]
[SourceTitle "URS-ch"]
[Source "ChessBase"]
[SourceDate "1999.07.01"]
[SourceVersion "1"]
[SourceVersionDate "1999.07.01"]
[SourceQuality "1"]

1. d4 d5 2. Nf3 Nf6 3. c4 e6 4. Nc3 c6 5. e3 Nbd7 6. Bd3 dxc4 7. Bxc4 b5 8. Bd3
a6 9. e4 c5 10. d5 c4 11. Bc2 Qc7 12. O-O Bc5 13. Qe2 e5 14. Nh4 $6 (14. Nd1 $5
O-O 15. b3 Nb6 16. bxc4 Nxc4 17. Bd3 Bg4 $1 $10 {Gelfand,B-Morovic,Fernandez,I/
Dos Hermanas/1994/0,5 (24)}) (14. Bd2 $5 O-O 15. a3 Ne8 16. b4 Bd4 17. a4 Rb8
18. axb5 axb5 19. Ra5 Nd6 20. Rfa1 $14 {Karpov,A-Morovic Fernandez,I/Las
Palmas/1994/0,5 (38)}) 14... O-O 15. Kh1 (15. Bg5 $5 h6 16. Bd2 {/\Nf5/}) 15...
Bd4 16. Nf5 $6 (16. f4 $5 Nc5 17. Nf3 $5 (17. fxe5 Bxe5 18. Nf3 Bg4) 17... Bg4
18. h3 Bxf3 19. Qxf3 Rae8) 16... Nc5 17. Qf3 Bxf5 18. Qxf5 Qc8 $1 19. Qf3 $6 (
19. Qxc8 Raxc8 20. f3) 19... Qg4 20. Qxg4 Nxg4 21. Nd1 f5 22. exf5 (22. f3 $2
fxe4) 22... Nf6 23. Ne3 Rad8 24. a4 $1 Nxd5 25. axb5 axb5 26. Ra5 Nc7 27. Bd2
Ra8 (27... Bxb2 28. Bb4 Bd4 29. Nxc4 Nb7 30. Bxf8 Nxa5 31. Nxa5 Kxf8 $13) 28.
g4 e4 (28... Bxb2 29. Nxc4 Rxa5 30. Bxa5 $13) 29. Kg2 Nd3 30. Rb1 $2 (30. Rfa1
Bxb2 31. Rxa8 Rxa8 32. Rxa8+ Nxa8 33. Nd1 Bd4 34. Nc3 b4 35. Nxe4 b3 36. Bb1)
30... Bxe3 $1 31. fxe3 Rxa5 32. Bxa5 Nd5 33. Bd2 Ra8 $19 34. Kg3 b4 35. Bxd3
cxd3 (35... exd3 36. e4) 36. Rc1 Ra2 37. Rc5 Rxb2 38. Rxd5 Rxd2 39. Kf4 Rc2 $1
40. Ke5 (40. Kxe4 d2 41. Kf3 b3 42. Ke2 b2 43. Rb5 d1=Q+ 44. Kxd1 Rc1+ $19)
40... b3 41. Rd8+ Kf7 42. Rd7+ Kf8 0-1